Ascophyllum nodosum seaweed extract and mineral nitrogen in Alibertia edulis seedlings (Registro n. 332087)
[ somente texto ]
| 000 -LÍDER | |
|---|---|
| fixed length control field | 04198nab a2200361 i 4500 |
| 003 - CÓDIGO MARC DA AGÊNCIA CATALOGADORA | |
| Campo de controle | BR-BrBNA |
| 005 - DATA E HORA DA ÚLTIMA ATUALIZAÇÃO | |
| Campo de controle | 20250616172503.0 |
| 008 - CAMPO DE TAMANHO FIXO | |
| fixed length control field | 250616b2023 bl.mr|pooa||| 00| 0 eng | |
| 040 ## - FONTE DA CATALOGAÇÃO | |
| Agência catalogadora | BR-BrBNA |
| Idioma da catalogação | eng |
| 072 ## - CATEGORIA AGRIS | |
| Código AGRIS | F61 |
| 072 ## - CATEGORIA AGRIS | |
| Código AGRIS | F04 |
| 100 ## - ENTRADA PRINCIPAL - NOME PESSOAL | |
| Nome pessoal | Bernardes, Rodrigo da S. |
| 100 ## - ENTRADA PRINCIPAL - NOME PESSOAL | |
| Nome pessoal | Santos, Silvia C. |
| 100 ## - ENTRADA PRINCIPAL - NOME PESSOAL | |
| Nome pessoal | Santos, Cleberton C. |
| 100 ## - ENTRADA PRINCIPAL - NOME PESSOAL | |
| Nome pessoal | Heid, Diego M. |
| 100 ## - ENTRADA PRINCIPAL - NOME PESSOAL | |
| Nome pessoal | Vieira, Maria do C. |
| 100 ## - ENTRADA PRINCIPAL - NOME PESSOAL | |
| Nome pessoal | Torales, Elissandra P. |
| 245 ## - TÍTULO PRINCIPAL | |
| Título principal | Ascophyllum nodosum seaweed extract and mineral nitrogen in Alibertia edulis seedlings |
| 500 ## - NOTA GERAL | |
| Nota geral | Publicação on-line; 31 ref.; 5 illus; 3 tables; Sumaries (En, Pt) |
| 942 ## - ADDED ENTRY ELEMENTS (KOHA) | |
| Koha item type | Analítica |
| 520 ## - NOTA DE RESUMO | |
| Nota de conteúdo | <br/><br/>ABSTRACT: Physiological and nutritional management is an important practice for obtaining high quality seedlings. The use of seaweed extract has emerged as an alternative to fertilizers and biostimulants, although information on this with respect to Alibertia edulis, a fruit-bearing species native to the Cerrado region, is scarce. The aim of this study was to evaluate the effects of the Ascophyllum nodosum L. seaweed extract (ANE), both with and without the addition of mineral nitrogen, on the growth, nitrogen nutrient efficiency indices, and quality of A. edulis seedlings. The seedlings received five doses of ANE (0, 5, 10, 15, and 20 mL L-1 of water) via foliar application, with and without the addition of mineral N to the soil (50 mg kg-1 of urea). A randomized block design was used with the treatments arranged in a 5 × 2 factorial scheme. The plant height, stem diameter, chlorophyll index, and number of leaves obtained were analyzed in split-plots over time. Foliar application of 15 and 20 mL L-1 of ANE contributed to greater growth and seedling quality, regardless of the addition of mineral nitrogen. Seedlings treated with mineral N alongside 13.98 mL L-1 of ANE showed the greatest leaf area. The highest N use efficiency, N uptake, and nutrient use occurred in seedlings that received A. nodosum extract.<br/><br/>Key words: urea, biostimulant, nutritional management, nutrient use efficiency |
| 520 ## - NOTA DE RESUMO | |
| Nota de conteúdo | <br/><br/>RESUMO: O manejo fisiológico e nutricional é uma prática importante para obtenção de mudas de alta qualidade e o uso de extrato de algas tem se tornado uma alternativa aos fertilizantes e bioestimulantes, mas informações para Alibertia edulis, uma espécie frutífera e nativa do Cerrado, são escassas. Objetivou-se com este trabalho avaliar o efeito de doses do extrato de alga Ascophyllum nodosum L. (ANE), associadas ou não ao nitrogênio mineral no crescimento, índices de eficiência do nutriente nitrogênio e na qualidade de mudas de A. edulis. As mudas receberam aplicação de cinco doses de ANE (0, 5, 10, 15 e 20 mL L-1 de água) via foliar, sem e com adição de N mineral (50 mg kg-1 de ureia ao solo). O delineamento utilizado foi o de blocos casualizados, e os tratamentos foram arranjados em esquema fatorial 5 × 2. Os dados de altura, diâmetro do coleto, número de folhas e o índice de clorofila ao longo do tempo foram analisados em parcelas subdivididas no tempo. A aplicação foliar do extrato de A. nodosum nas doses de 15 e 20 mL L-1, contribuiu para maiores características de crescimento e qualidade de mudas, independente do uso de nitrogênio mineral. Mudas com N mineral e com 13,98 mL L-1 de ANE tiveram maior área foliar. A maior eficiência e absorção de N e uso de nutrientes ocorreu nas mudas que receberam o extrato de alga A. nodosum. <br/><br/>Palavras-chave: ureia, bioestimulante, manejo nutricional, eficiência do uso do nutriente |
| 650 ## - ASSUNTO - THESAGRO | |
| Cabeçalho tópico ou nome geográfico | CERRADO |
| 650 ## - ASSUNTO - THESAGRO | |
| Cabeçalho tópico ou nome geográfico | ESPÉCIE NATIVA |
| 650 ## - ASSUNTO - THESAGRO | |
| Cabeçalho tópico ou nome geográfico | EXTRATO VEGETAL |
| 650 ## - ASSUNTO - THESAGRO | |
| Cabeçalho tópico ou nome geográfico | NUTRIÇÃO VEGETAL |
| 650 ## - ASSUNTO - THESAGRO | |
| Cabeçalho tópico ou nome geográfico | URÉIA |
| 650 ## - ASSUNTO - THESAGRO | |
| Cabeçalho tópico ou nome geográfico | BIOESTIMULANTE |
| 650 ## - ASSUNTO - THESAGRO | |
| Cabeçalho tópico ou nome geográfico | FISIOLOGIA VEGETAL |
| 773 0# - ENTRADA ANALÍTICA | |
| Host Biblionumber | 3534 |
| Registro do item | 317831 |
| Imprenta | Campina Grande-PB Universidade Federal de Campina Grande. Centro de Ciências e Tecnologia 1997 |
| Outro identificador | 2024-4550 |
| Título | Revista Brasileira de Engenharia Agrícola e Ambiental (Brazil) |
| ISSN | 1415-4366 |
| Colação | v. 27 (3) p. 173-180; (2023) |
| Número de controle de registro | BR2025001477 |
| 856 ## - ACESSO E ENDEREÇO ELETRÔNICO | |
| Identificador uniforme de recurso - URI | https://www.scielo.br/j/rbeaa/a/5DcRc9VjRTsfVVrVdvwSXMM/?format=pdf&lang=en |
Nenhum exemplar disponível.

BINAGRI